[Event "19th EUR-ch"]
[Site "Batumi GEO"]
[Date "2018.03.17"]
[Round "1.1"]
[White "Sargsian, Shant"]
[Black "Yakovenko, Dmitry"]
[Result "1/2-1/2"]
[WhiteElo "2481"]
[BlackElo "2746"]
[EventDate "2018.03.17"]
[PlyCount "96"]

1.d4 Nf6 2.c4 e6 3.Nf3 b6 4.g3 Ba6 5.b3 d5 6.Bg2 Bb4+ 7.Bd2 Be7 8.cxd5 
exd5 9.Nc3 O-O 10.O-O Re8 11.Qc2 c5 12.Rfd1 Nc6 13.Bg5 h6 14.Bxf6 Bxf6 15.
e3 Rc8 16.Rac1 cxd4 17.Nxd4 Nxd4 18.exd4 Bg5 19.f4 Bf6 20.Qd2 Kh8 21.Bf3 
Bb7 22.Kg2 Qd6 23.Ne2 Rcd8 24.Rc2 Re7 25.Nc3 Rde8 26.Qd3 g6 27.Re2 Rxe2+ 
28.Nxe2 Kg7 29.Nc3 a6 30.Rd2 b5 31.Nd1 h5 32.Ne3 b4 33.Rc2 Qe6 34.Re2 Qd7 
35.Nc2 Ra8 36.Ne3 a5 37.Rc2 a4 38.h4 axb3 39.axb3 Ra3 40.Rc5 Ba6 41.Qd1 
Bc8 42.f5 Ra2+ 43.Rc2 Rxc2+ 44.Qxc2 Bxd4 45.Nxd5 Qxf5 46.Qxf5 Bxf5 47.Nxb4
Kf6 48.Nd5+ Ke6 1/2-1/2

[Event "19th EUR-ch"]
[Site "Batumi GEO"]
[Date "2018.03.17"]
[Round "1.2"]
[White "Wojtaszek, Radoslaw"]
[Black "Neverov, Valeriy"]
[Result "1-0"]
[WhiteElo "2738"]
[BlackElo "2480"]
[EventDate "2018.03.17"]
[PlyCount "99"]

1.Nf3 Nf6 2.c4 e6 3.g3 d5 4.Bg2 dxc4 5.O-O a6 6.Qc2 Bd6 7.Qxc4 b5 8.Qc2 
Bb7 9.Nc3 c5 10.a4 b4 11.Nd1 Nc6 12.Ne3 O-O 13.Nc4 Na5 14.Nxa5 Qxa5 15.b3 
e5 16.Bb2 Qc7 17.d3 Rfe8 18.Nd2 Bxg2 19.Kxg2 Bf8 20.Nc4 Nd7 21.e4 Nb6 22.
Ne3 a5 23.f4 exf4 24.gxf4 Rad8 25.Rf3 Qd7 26.Rd1 Re6 27.f5 Rd6 28.Nc4 Nxc4
29.Qxc4 Qc6 30.Be5 Rh6 31.Rg3 Qa6 32.Qc1 Re8 33.Bb2 Rxe4 34.Bxg7 Bxg7 35.
Qg5 Re2+ 36.Kf1 Qf6 37.Qxf6 Rxf6 38.Kxe2 Kf8 39.Rdg1 Bh6 40.Rg8+ Ke7 41.
Rf1 Kd6 42.Ra8 Kd5 43.Kd1 Be3 44.Rf3 Bd4 45.Rxa5 Rh6 46.h3 Rh5 47.Ra7 Rg5 
48.Rxf7 Rg1+ 49.Ke2 Rg2+ 50.Ke1 1-0

[Event "19th EUR-ch"]
[Site "Batumi GEO"]
[Date "2018.03.17"]
[Round "1.3"]
[White "Sadikhov, Ulvi"]
[Black "Navara, David"]
[Result "1/2-1/2"]
[WhiteElo "2477"]
[BlackElo "2737"]
[EventDate "2018.03.17"]
[PlyCount "103"]

1.e4 c5 2.Nf3 d6 3.Nc3 Nf6 4.e5 dxe5 5.Nxe5 a6 6.g3 Nbd7 7.Nxd7 Bxd7 8.Bg2
Qc8 9.O-O Bc6 10.d3 g6 11.Re1 Bg7 12.Bf4 e6 13.Be5 O-O 14.Qe2 Bxg2 15.Kxg2
Qc6+ 16.Qf3 Rac8 17.Qxc6 Rxc6 18.a4 b6 19.Rad1 Rd8 20.f4 Ng4 21.Bxg7 Kxg7 
22.Ne4 c4 23.d4 c3 24.Nxc3 Rc4 25.h3 Nf6 26.Rd2 Rcxd4 27.Rxd4 Rxd4 28.Kf3 
Rc4 29.Ke3 Nh5 30.Rg1 f5 31.Kd3 Rc7 32.Ne2 Rd7+ 33.Ke3 e5 34.fxe5 Rd5 35.
Nc3 Rxe5+ 36.Kd4 Re6 37.g4 fxg4 38.hxg4 Nf4 39.g5 h6 40.gxh6+ Kxh6 41.Rg4 
g5 42.Ne4 Rg6 43.Ke5 Kh5 44.Rxg5+ Rxg5+ 45.Nxg5 Kxg5 46.Kd6 b5 47.axb5 
axb5 48.Kc5 Ne6+ 49.Kxb5 Nd4+ 50.Kc5 Nxc2 51.b4 Nxb4 52.Kxb4 1/2-1/2

[Event "19th EUR-ch"]
[Site "Batumi GEO"]
[Date "2018.03.17"]
[Round "1.4"]
[White "Vallejo Pons, Francisco"]
[Black "Jurcik, Marian"]
[Result "1-0"]
[WhiteElo "2716"]
[BlackElo "2473"]
[EventDate "2018.03.17"]
[PlyCount "77"]

1.e4 e5 2.Nf3 Nc6 3.Bb5 a6 4.Ba4 d6 5.O-O Bd7 6.c3 Nge7 7.d4 Ng6 8.Re1 Be7
9.Nbd2 O-O 10.Bc2 exd4 11.Nxd4 Nxd4 12.cxd4 c5 13.Nb3 c4 14.Nd2 b5 15.Nf1 
Bg5 16.Ne3 Ne7 17.Bd2 Nc6 18.Nd5 Bxd2 19.Qxd2 Ne7 20.Nxe7+ Qxe7 21.Re3 Qg5
22.Rf1 a5 23.f4 Qh6 24.f5 b4 25.Rff3 Rfc8 26.Rh3 c3 27.bxc3 bxc3 28.Qf2 
Qg5 29.Rhg3 Qh6 30.h3 Rab8 31.Rxc3 Rxc3 32.Rxc3 Qc1+ 33.Kh2 h6 34.Qg3 Qd2 
35.f6 g6 36.Bb3 g5 37.Qxd6 Rf8 38.Rc7 a4 39.Rxd7 1-0

[Event "19th EUR-ch"]
[Site "Batumi GEO"]
[Date "2018.03.17"]
[Round "1.6"]
[White "Mamedov, Rauf"]
[Black "Miron, Lucian-Costin"]
[Result "1-0"]
[WhiteElo "2709"]
[BlackElo "2471"]
[EventDate "2018.03.17"]
[PlyCount "87"]

1.e4 e5 2.Nf3 Nc6 3.Bb5 a6 4.Ba4 Nf6 5.d3 d6 6.c3 Be7 7.Nbd2 O-O 8.O-O b5 
9.Bc2 d5 10.Re1 d4 11.h3 h6 12.cxd4 exd4 13.a4 Be6 14.Nb3 Qd7 15.Bf4 Nh7 
16.Rc1 Ng5 17.Nxg5 hxg5 18.Bg3 Nb4 19.Bb1 Bxb3 20.Qxb3 c5 21.e5 Qe6 22.Qd1
Rfd8 23.Re4 Rac8 24.Qh5 Qh6 25.Qe2 Qe6 26.Rd1 Rc6 27.h4 gxh4 28.Bxh4 Bxh4 
29.Rxh4 g6 30.Re1 Kg7 31.Qf3 Rh8 32.Rf4 Qd5 33.Ree4 Rc7 34.Rf6 Rh5 35.Rd6 
Rf5 36.Qe2 Qb3 37.g4 Rg5 38.Qd2 Kh6 39.Kg2 Rc6 40.Rd8 Qe6 41.Qf4 Qe7 42.
Qh2+ Rh5 43.Rh8+ Kg7 44.gxh5 1-0

[Event "19th EUR-ch"]
[Site "Batumi GEO"]
[Date "2018.03.17"]
[Round "1.7"]
[White "Lobanov, Sergei"]
[Black "Matlakov, Maxim"]
[Result "1/2-1/2"]
[WhiteElo "2468"]
[BlackElo "2707"]
[EventDate "2018.03.17"]
[PlyCount "141"]

1.e4 e5 2.Nf3 Nc6 3.Bb5 a6 4.Ba4 Nf6 5.O-O Be7 6.Re1 b5 7.Bb3 d6 8.c3 O-O 
9.h3 Na5 10.Bc2 c5 11.d4 Nd7 12.Nbd2 exd4 13.cxd4 Nc6 14.d5 Nce5 15.Nxe5 
Nxe5 16.a4 Rb8 17.f4 Ng6 18.Nf3 Bh4 19.Nxh4 Qxh4 20.f5 Ne5 21.Kh2 Bd7 22.
Ra3 Qe7 23.axb5 axb5 24.b4 f6 25.Bf4 Rfc8 26.Qe2 cxb4 27.Rb3 Rc4 28.Bg3 
Rbc8 29.Bb1 Qd8 30.Qb2 Qa5 31.Rf1 Rc3 32.Bxe5 dxe5 33.Rxb4 Kf8 34.Rd1 Qa3 
35.Qxa3 Rxa3 36.Bd3 Rc5 37.Kg1 Ke7 38.Rd2 Kd6 39.Kf2 g6 40.fxg6 hxg6 41.g4
Kc7 42.Rb1 Kb6 43.Ke2 Rcc3 44.Rf1 f5 45.exf5 e4 46.fxg6 exd3+ 47.Ke3 Rc8 
48.Rf7 Re8+ 49.Kf4 Kc7 50.g7 Rg8 51.Kg5 b4 52.Kh6 Raa8 53.Rxd3 Rab8 54.Kh7
Kd6 55.Rdf3 b3 56.R3f6+ Ke5 57.Rf8 b2 58.Rxb8 Rxb8 59.Rf1 Bb5 60.Re1+ Kxd5
61.g8=Q+ Rxg8 62.Kxg8 Bd3 63.h4 b1=Q 64.Rxb1 Bxb1 65.g5 Ke5 66.Kg7 Kf5 67.
Kh6 Kg4 68.h5 Bc2 69.g6 Bb3 70.g7 Bf7 71.Kh7 1/2-1/2

[Event "19th EUR-ch"]
[Site "Batumi GEO"]
[Date "2018.03.17"]
[Round "1.9"]
[White "Beradze, Irakli"]
[Black "Ponomariov, Ruslan"]
[Result "1-0"]
[WhiteElo "2464"]
[BlackElo "2697"]
[EventDate "2018.03.17"]
[PlyCount "99"]

1.Nf3 d6 2.d4 g6 3.c4 f5 4.e3 Bg7 5.Nc3 Nd7 6.Be2 e5 7.dxe5 dxe5 8.e4 Ngf6
9.exf5 gxf5 10.Nh4 f4 11.Nf5 O-O 12.Nxg7 Kxg7 13.g3 Nc5 14.Qxd8 Rxd8 15.
gxf4 e4 16.Be3 Nd3+ 17.Bxd3 Rxd3 18.Rg1+ Kf7 19.Rd1 a6 20.Rxd3 exd3 21.Kd2
Be6 22.b3 Rd8 23.f3 b6 24.Ne4 h6 25.f5 Bxf5 26.Nxf6 Kxf6 27.Bxh6 Re8 28.
Be3 Kf7 29.h4 Rh8 30.Bg5 c6 31.Re1 Re8 32.Rxe8 Kxe8 33.Be3 b5 34.Kc3 Bg6 
35.Kb4 bxc4 36.Kxc4 Kd7 37.Kc5 Kc7 38.Bf4+ Kb7 39.Bd2 Kc7 40.Ba5+ Kd7 41.
Bd2 Kc7 42.f4 Bh7 43.h5 Bf5 44.h6 Bg6 45.a4 Bh7 46.Ba5+ Kd7 47.Kb6 d2 48.
Bxd2 Bd3 49.f5 Bxf5 50.Kxa6 1-0

[Event "19th EUR-ch"]
[Site "Batumi GEO"]
[Date "2018.03.17"]
[Round "1.10"]
[White "Cheparinov, Ivan"]
[Black "Firat, Burak"]
[Result "1-0"]
[WhiteElo "2693"]
[BlackElo "2453"]
[EventDate "2018.03.17"]
[PlyCount "123"]

1.Nf3 Nf6 2.g3 g6 3.Bg2 Bg7 4.O-O O-O 5.d4 d5 6.c4 dxc4 7.Na3 c3 8.bxc3 c5
9.e3 Nc6 10.Bb2 Bf5 11.Nd2 Rc8 12.Nb3 Qb6 13.Qe2 cxd4 14.cxd4 Be4 15.Bh3 
e6 16.Nc5 Bf3 17.Qxf3 Qxb2 18.Nc4 Qc3 19.Qe2 Nxd4 20.exd4 Qxd4 21.Nxe6 
Qxc4 22.Qxc4 Rxc4 23.Nxf8 Bxf8 24.Rfc1 Ra4 25.Rc7 b5 26.Rb7 a6 27.Rc1 Rxa2
28.Rc8 h5 29.Ra8 Ra4 30.Kg2 Ra3 31.Rbb8 Nh7 32.Bc8 b4 33.Bxa6 Kg7 34.Bc4 
Be7 35.Rxa3 bxa3 36.Rb7 Kf6 37.f4 Nf8 38.Kf3 Ne6 39.Rb6 Bc5 40.Ra6 Ke7 41.
Ke4 f5+ 42.Kd3 Nf8 43.Ke2 Bb4 44.Ba2 Bc5 45.Bb3 Bd6 46.Ra7+ Kd8 47.Bf7 h4 
48.Kd3 hxg3 49.hxg3 Bc5 50.Ra6 Bf2 51.Bxg6 Nxg6 52.Rxg6 a2 53.Ra6 Bxg3 54.
Ke3 Ke7 55.Rxa2 Bh4 56.Kd4 Bf6+ 57.Kd5 Bc3 58.Ra7+ Kf6 59.Ra3 Bb2 60.Ra2 
Bc3 61.Kc4 Be1 62.Ra6+ 1-0

[Event "19th EUR-ch"]
[Site "Batumi GEO"]
[Date "2018.03.17"]
[Round "1.11"]
[White "Pijpers, Arthur"]
[Black "Nabaty, Tamir"]
[Result "1/2-1/2"]
[WhiteElo "2453"]
[BlackElo "2690"]
[EventDate "2018.03.17"]
[PlyCount "55"]

1.e4 c6 2.d4 d5 3.e5 c5 4.Nf3 Nc6 5.dxc5 Bg4 6.Bb5 Qa5+ 7.Nc3 e6 8.Bd2 Qc7
9.b4 a5 10.a3 Bxf3 11.gxf3 Qxe5+ 12.Qe2 Qxe2+ 13.Kxe2 Ne7 14.Na4 O-O-O 15.
Bxc6 Nxc6 16.b5 Nd4+ 17.Kd3 Nxb5 18.Rhb1 Na7 19.Rb3 Re8 20.Rab1 Re7 21.
Nb6+ Kd8 22.Bxa5 Ke8 23.Bc3 Nc6 24.Na4 Nd8 25.Ba5 Nc6 26.Bc3 Nd8 27.Ba5 
Nc6 28.Bc3 1/2-1/2

[Event "19th EUR-ch"]
[Site "Batumi GEO"]
[Date "2018.03.17"]
[Round "1.12"]
[White "Kuzubov, Yuriy"]
[Black "Asadli, Vugar"]
[Result "1-0"]
[WhiteElo "2689"]
[BlackElo "2449"]
[EventDate "2018.03.17"]
[PlyCount "73"]

1.d4 Nf6 2.c4 e6 3.g3 d5 4.Nf3 Bb4+ 5.Bd2 Bd6 6.Nc3 O-O 7.Bg5 c6 8.Bg2 
dxc4 9.Nd2 h6 10.Bxf6 Qxf6 11.Nxc4 Bc7 12.O-O Rd8 13.e3 Nd7 14.Qe2 Rb8 15.
Rfd1 Qe7 16.Rac1 Nf6 17.a3 Bd7 18.e4 b5 19.Ne5 Be8 20.Nf3 b4 21.axb4 Qxb4 
22.Rc2 c5 23.d5 exd5 24.exd5 Rb6 25.Nd2 Bd7 26.Nc4 Re8 27.Qd3 Bf5 28.Qxf5 
Qxc4 29.Ne4 Qb4 30.d6 Bd8 31.Re2 Nxe4 32.Rxe4 Rxe4 33.Bxe4 g6 34.Qe5 Qb3 
35.Rd5 Rb4 36.Bxg6 Rb7 37.Be4 1-0

[Event "19th EUR-ch"]
[Site "Batumi GEO"]
[Date "2018.03.17"]
[Round "1.13"]
[White "Draskovic, Luka"]
[Black "Jobava, Baadur"]
[Result "0-1"]
[WhiteElo "2447"]
[BlackElo "2685"]
[EventDate "2018.03.17"]
[PlyCount "91"]

1.e4 e5 2.Nf3 Nf6 3.Nxe5 d6 4.Nf3 Nxe4 5.d4 d5 6.Bd3 Be7 7.O-O O-O 8.Nbd2 
Nd6 9.Re1 Bf5 10.Nf1 Nd7 11.Ng3 Bg6 12.Bf4 c6 13.Bxd6 Bxd6 14.Nf5 Qf6 15.
Nxd6 Qxd6 16.c3 Bh5 17.Qe2 Nb6 18.Qe7 Qxe7 19.Rxe7 Bxf3 20.gxf3 Rab8 21.
Rae1 g6 22.b3 Rfd8 23.f4 Kf8 24.f5 g5 25.R1e3 h6 26.Kg2 Rd7 27.R7e5 Rd6 
28.Re7 Nd7 29.h4 gxh4 30.Kh3 a5 31.Re1 b5 32.Kxh4 c5 33.R7e3 b4 34.dxc5 
Nxc5 35.c4 d4 36.Rf3 Re8 37.Rxe8+ Kxe8 38.Kg4 Ke7 39.Kf4 Kf6 40.Rh3 h5 41.
Be4 d3 42.Bd5 d2 43.Rh1 a4 44.bxa4 Nd3+ 45.Ke3 Nb2 46.Kd4 0-1

[Event "19th EUR-ch"]
[Site "Batumi GEO"]
[Date "2018.03.17"]
[Round "1.14"]
[White "Kravtsiv, Martyn"]
[Black "Vykouk, Jan"]
[Result "1/2-1/2"]
[WhiteElo "2685"]
[BlackElo "2445"]
[EventDate "2018.03.17"]
[PlyCount "75"]

1.e4 c5 2.Nf3 d6 3.d4 cxd4 4.Nxd4 Nf6 5.Nc3 a6 6.Nb3 e6 7.g4 b5 8.Bg2 Bb7 
9.g5 Nfd7 10.O-O Be7 11.f4 O-O 12.a3 Nc6 13.Rf3 Re8 14.Rg3 Rc8 15.h4 Nc5 
16.h5 Nxb3 17.cxb3 Bf8 18.Be3 Ne7 19.Bh3 d5 20.e5 g6 21.Bf2 Qc7 22.Rc1 d4 
23.Ne2 Qd7 24.Rxc8 Rxc8 25.Qxd4 Nd5 26.hxg6 hxg6 27.Rc3 Qe8 28.Rxc8 Qxc8 
29.Qa7 Ne7 30.Qc5 Qa8 31.Qc2 Qd8 32.Nc3 Qc8 33.Bg2 Bxg2 34.Kxg2 Nd5 35.Qd2
Nxc3 36.bxc3 Qc6+ 37.Kg3 Bxa3 38.b4 1/2-1/2

[Event "19th EUR-ch"]
[Site "Batumi GEO"]
[Date "2018.03.17"]
[Round "1.15"]
[White "Mindlin, Alon"]
[Black "Inarkiev, Ernesto"]
[Result "0-1"]
[WhiteElo "2442"]
[BlackElo "2684"]
[EventDate "2018.03.17"]
[PlyCount "76"]

1.d4 Nf6 2.c4 g6 3.Nc3 d5 4.cxd5 Nxd5 5.e4 Nxc3 6.bxc3 Bg7 7.Bc4 O-O 8.Ne2
c5 9.O-O Nc6 10.Be3 Bg4 11.f3 Bd7 12.Rb1 Qc7 13.Qd2 Rad8 14.Rfc1 Bc8 15.
Qe1 Na5 16.Bd3 e5 17.f4 Nc6 18.fxe5 Nxe5 19.Bf4 Qe7 20.Bb5 Nc6 21.e5 Bf5 
22.Rb2 cxd4 23.Bxc6 dxc3 24.Qxc3 bxc6 25.Nd4 Bd7 26.Rb7 Qh4 27.Qe3 Bc8 28.
Rb4 Qh5 29.Nf3 h6 30.Bg3 Rfe8 31.h3 Be6 32.Rxc6 Bxa2 33.Rc7 a6 34.Kh2 Bd5 
35.Rh4 Qf5 36.Rf4 Qb1 37.Ra7 Qa2 38.Rd4 Bxf3 0-1

[Event "19th EUR-ch"]
[Site "Batumi GEO"]
[Date "2018.03.17"]
[Round "1.16"]
[White "Naer, Evgeny"]
[Black "Pechac, Jergus"]
[Result "1-0"]
[WhiteElo "2683"]
[BlackElo "2440"]
[EventDate "2018.03.17"]
[PlyCount "43"]

1.e4 e5 2.Nf3 Nc6 3.Bb5 Nf6 4.d3 Bc5 5.c3 O-O 6.O-O d6 7.Nbd2 Ne7 8.d4 
exd4 9.cxd4 Bb6 10.Re1 Ng6 11.Nc4 c6 12.Nxb6 Qxb6 13.Bd3 Bg4 14.Be3 Nh4 
15.d5 Qxb2 16.Re2 Bxf3 17.Rxb2 Bxd1 18.dxc6 Ba4 19.cxb7 Rad8 20.Bxa7 Nd7 
21.Rb4 Bc6 22.Rc1 1-0

[Event "19th EUR-ch"]
[Site "Batumi GEO"]
[Date "2018.03.17"]
[Round "1.17"]
[White "Mazur, Stefan"]
[Black "Sargissian, Gabriel"]
[Result "0-1"]
[WhiteElo "2439"]
[BlackElo "2677"]
[EventDate "2018.03.17"]
[PlyCount "96"]

1.e4 e5 2.Nf3 Nc6 3.Bb5 Nf6 4.O-O Nxe4 5.Re1 Nd6 6.Nxe5 Be7 7.Bf1 Nf5 8.
Nf3 O-O 9.d4 d5 10.c3 Bd6 11.Bd3 f6 12.Nbd2 Nce7 13.Qc2 Kh8 14.Nf1 g6 15.
h3 Ng7 16.Bh6 Nef5 17.Bd2 Be6 18.Re2 Qd7 19.Rae1 Rfe8 20.N1h2 Qf7 21.Ng4 
Bd7 22.Rxe8+ Rxe8 23.Rxe8+ Bxe8 24.Qc1 Qe7 25.Bf4 Bxf4 26.Qxf4 g5 27.Qd2 
Bg6 28.Qe2 Qxe2 29.Bxe2 Ne8 30.Bd3 Nxd4 31.cxd4 Bxd3 32.Nd2 Kg7 33.f3 Nd6 
34.Ne3 c6 35.Kf2 b6 36.g3 Kf7 37.Nb3 Ke6 38.Nc1 Bb1 39.Nd1 Nb5 40.Nc3 Nxc3
41.bxc3 c5 42.Ke3 Kd6 43.Kd2 c4 44.a3 Kc6 45.Ne2 Kb5 46.Kc1 Bd3 47.Ng1 Ka4
48.Kb2 Bf5 0-1

[Event "19th EUR-ch"]
[Site "Batumi GEO"]
[Date "2018.03.17"]
[Round "1.18"]
[White "Demchenko, Anton"]
[Black "Yankelevich, Lev"]
[Result "1-0"]
[WhiteElo "2672"]
[BlackElo "2437"]
[EventDate "2018.03.17"]
[PlyCount "95"]

1.e4 e5 2.Nf3 Nc6 3.Bc4 Nf6 4.d3 Bc5 5.O-O O-O 6.Re1 Ng4 7.Re2 Nd4 8.Nxd4 
Bxd4 9.h3 Nf6 10.c3 Bb6 11.Bg5 h6 12.Bh4 d6 13.Re1 Be6 14.Na3 Qe7 15.d4 c6
16.Bf1 exd4 17.cxd4 g5 18.Bg3 d5 19.exd5 cxd5 20.Bd3 Rad8 21.Nc2 Ne4 22.
Be5 f6 23.Bh2 Qf7 24.f3 Nd6 25.Kh1 f5 26.Qe2 Bc8 27.Bxd6 Rxd6 28.f4 Bc7 
29.Qf3 Rb6 30.g3 Rxb2 31.Re2 Bd6 32.a4 Bd7 33.Bb5 Bxb5 34.axb5 Rxb5 35.
Rxa7 Re8 36.Ra1 Re4 37.fxg5 hxg5 38.Rf2 g4 39.hxg4 Rxg4 40.Ne3 Rg5 41.Nxf5
Qh5+ 42.Qxh5 Rxh5+ 43.Kg2 Bc7 44.Ne7+ Kg7 45.Raf1 Bd6 46.Rf7+ Kh8 47.Rf8+ 
Kh7 48.R1f7+ 1-0

[Event "19th EUR-ch"]
[Site "Batumi GEO"]
[Date "2018.03.17"]
[Round "1.19"]
[White "Bernotas, Arturs"]
[Black "Berkes, Ferenc"]
[Result "0-1"]
[WhiteElo "2436"]
[BlackElo "2671"]
[EventDate "2018.03.17"]
[PlyCount "52"]

1.e4 c6 2.Nc3 d5 3.d4 dxe4 4.Nxe4 Nf6 5.Nxf6+ exf6 6.c3 Bd6 7.Bd3 O-O 8.
Qc2 Re8+ 9.Ne2 h5 10.Be3 Nd7 11.Ng3 Nb6 12.O-O-O Nd5 13.Rde1 Be6 14.Kb1 
Qa5 15.a3 Rad8 16.Ne4 Nxe3 17.fxe3 c5 18.c4 cxd4 19.Nxd6 Rxd6 20.e4 Rc8 
21.Qe2 Rb6 22.Ka1 Rb3 23.Qc2 Rxa3+ 24.bxa3 Qxa3+ 25.Kb1 Rc6 26.c5 Rxc5 0-1

[Event "19th EUR-ch"]
[Site "Batumi GEO"]
[Date "2018.03.17"]
[Round "1.20"]
[White "Motylev, Alexander"]
[Black "Baghdasarian, Vahe"]
[Result "1/2-1/2"]
[WhiteElo "2669"]
[BlackElo "2431"]
[EventDate "2018.03.17"]
[PlyCount "41"]

1.e4 c5 2.Nf3 d6 3.d4 cxd4 4.Nxd4 Nf6 5.Nc3 a6 6.Be3 Ng4 7.Bg5 h6 8.Bh4 g5
9.Bg3 Bg7 10.h3 Ne5 11.Nd5 Nbc6 12.Nb3 b5 13.a4 Rb8 14.axb5 axb5 15.h4 
gxh4 16.Rxh4 Ng6 17.Rh5 Bxb2 18.Rb1 Bg7 19.f4 Rg8 20.Nd2 b4 21.Nc4 1/2-1/2

[Event "19th EUR-ch"]
[Site "Batumi GEO"]
[Date "2018.03.17"]
[Round "1.21"]
[White "Zavhorodnii, Serhii"]
[Black "Korobov, Anton"]
[Result "0-1"]
[WhiteElo "2430"]
[BlackElo "2664"]
[EventDate "2018.03.17"]
[PlyCount "36"]

1.b3 e5 2.Bb2 Nc6 3.e3 Nf6 4.Bb5 Bd6 5.Ne2 O-O 6.Ng3 Re8 7.Nc3 Bf8 8.Bxc6 
bxc6 9.d4 exd4 10.Qxd4 c5 11.Qf4 Rb8 12.O-O-O d5 13.Nce2 Rb6 14.Nf5 d4 15.
exd4 Nd5 16.Qf3 Bxf5 17.Qxf5 Rf6 18.Qg4 Rxf2 0-1

[Event "19th EUR-ch"]
[Site "Batumi GEO"]
[Date "2018.03.17"]
[Round "1.22"]
[White "Melkumian, Hrant"]
[Black "Perunovic, Miodrag"]
[Result "1-0"]
[WhiteElo "2664"]
[BlackElo "2429"]
[EventDate "2018.03.17"]
[PlyCount "63"]

1.c4 e5 2.g3 Nc6 3.Bg2 Bc5 4.Nc3 a6 5.Nf3 d6 6.O-O Nf6 7.e3 O-O 8.b3 Ba7 
9.Bb2 h6 10.Qc2 Be6 11.Rad1 Bg4 12.h3 Bh5 13.d3 Qd7 14.g4 Bg6 15.Qe2 Rae8 
16.Nh4 Bh7 17.Qf3 e4 18.dxe4 Nxe4 19.Nf5 Ng5 20.Qg3 f6 21.Nd5 Bxf5 22.gxf5
Ne7 23.h4 Nxf5 24.Qg4 h5 25.Qxh5 Nf7 26.Bh3 N7h6 27.Kh2 Qf7 28.Nxf6+ gxf6 
29.Rg1+ Kh8 30.Rg6 Qh7 31.Rxf6 Ng7 32.Rxh6 1-0

[Event "19th EUR-ch"]
[Site "Batumi GEO"]
[Date "2018.03.17"]
[Round "1.23"]
[White "Zarubitski, Viachaslau"]
[Black "Lenic, Luka"]
[Result "0-1"]
[WhiteElo "2425"]
[BlackElo "2662"]
[EventDate "2018.03.17"]
[PlyCount "82"]

1.e4 e5 2.Nf3 Nc6 3.Bb5 a6 4.Ba4 Nf6 5.O-O b5 6.Bb3 Bc5 7.Nc3 O-O 8.d3 h6 
9.a4 b4 10.Nd5 Na5 11.Ba2 Nxd5 12.Bxd5 c6 13.Ba2 d6 14.h3 Rb8 15.Bd2 Kh8 
16.Ng5 b3 17.cxb3 Bb4 18.Nf3 f5 19.Bxb4 Rxb4 20.Ne1 Rb8 21.exf5 Bxf5 22.d4
exd4 23.Qxd4 c5 24.Qc3 Nc6 25.Nf3 Nb4 26.Bb1 Bxb1 27.Raxb1 Nd5 28.Qd2 Nf4 
29.Rfe1 Nxh3+ 30.gxh3 Rxf3 31.Re6 Qh4 32.Rbe1 Rbf8 33.Re8 Rxf2 34.Rxf8+ 
Rxf8 35.Kg2 Qh5 36.Re6 d5 37.a5 Rf3 38.Re8+ Kh7 39.Qc2+ g6 40.Re7+ Kg8 41.
Re8+ Kf7 0-1

[Event "19th EUR-ch"]
[Site "Batumi GEO"]
[Date "2018.03.17"]
[Round "1.24"]
[White "Moiseenko, Olexandr"]
[Black "Haria, Ravi"]
[Result "1-0"]
[WhiteElo "2659"]
[BlackElo "2424"]
[EventDate "2018.03.17"]
[PlyCount "71"]

1.d4 e6 2.Nf3 Nf6 3.c4 d5 4.Nc3 Bb4 5.cxd5 exd5 6.Bg5 Nbd7 7.e3 c5 8.Be2 
Qa5 9.O-O Bxc3 10.bxc3 c4 11.Qc2 Ne4 12.Rac1 Nxg5 13.Nxg5 h6 14.Nf3 O-O 
15.Nd2 Nf6 16.f3 Qc7 17.e4 Nh5 18.exd5 b5 19.Ne4 f5 20.Nc5 Qd6 21.Rfe1 Nf4
22.Bf1 Nxd5 23.g3 a6 24.f4 Ra7 25.Bg2 g5 26.Re5 Nf6 27.fxg5 hxg5 28.Rce1 
Rh7 29.Ne6 Bxe6 30.Rxe6 Qa3 31.Qxf5 Qxc3 32.Qxg5+ Rg7 33.Qe5 Qd2 34.Rf1 
Nd7 35.Rxf8+ Nxf8 36.Rf6 1-0

[Event "19th EUR-ch"]
[Site "Batumi GEO"]
[Date "2018.03.17"]
[Round "1.25"]
[White "Ushenina, Anna"]
[Black "Sutovsky, Emil"]
[Result "1/2-1/2"]
[WhiteElo "2423"]
[BlackElo "2659"]
[EventDate "2018.03.17"]
[PlyCount "70"]

1.d4 Nf6 2.c4 g6 3.Nc3 d5 4.cxd5 Nxd5 5.e4 Nxc3 6.bxc3 Bg7 7.Nf3 c5 8.Rb1 
O-O 9.Be2 Nc6 10.d5 Ne5 11.Nxe5 Bxe5 12.Qd2 e6 13.f4 Bc7 14.O-O exd5 15.
exd5 Ba5 16.d6 Rb8 17.Ba3 Bf5 18.Rbd1 Rc8 19.g4 Bd7 20.f5 Qf6 21.fxg6 Qxg6
22.Kh1 Qg7 23.Bb2 Rce8 24.Bf3 b5 25.Qd5 c4 26.Qb7 Rd8 27.Qxa7 Bxc3 28.Bxc3
Qxc3 29.Bd5 Qg7 30.Rf4 c3 31.Rdf1 c2 32.Qe3 Rc8 33.Bb3 Rc3 34.Qd2 Qe5 35.
Bxc2 Bc6+ 1/2-1/2

[Event "19th EUR-ch"]
[Site "Batumi GEO"]
[Date "2018.03.17"]
[Round "1.26"]
[White "Saric, Ivan"]
[Black "Janik, Igor"]
[Result "1-0"]
[WhiteElo "2657"]
[BlackElo "2422"]
[EventDate "2018.03.17"]
[PlyCount "65"]

1.e4 c6 2.d4 d5 3.e5 Bf5 4.Nf3 e6 5.Be2 Nd7 6.O-O h6 7.Nbd2 Ne7 8.c3 Qc7 
9.b4 g5 10.Nb3 Bg7 11.Ne1 Nxe5 12.dxe5 Bxe5 13.Nd4 Bxh2+ 14.Kh1 Bd6 15.
Nxf5 Nxf5 16.Bd3 Ng7 17.c4 dxc4 18.Bxc4 O-O-O 19.Qe2 g4 20.Bb2 Rhg8 21.
Qxg4 Nf5 22.Qh3 Be5 23.Bxe5 Qxe5 24.Nf3 Qc3 25.Rfc1 Qxb4 26.Rab1 Qd6 27.
Rc3 h5 28.Kg1 Rh8 29.Ng5 Qe7 30.Ne4 Rd4 31.Ba6 Rxe4 32.Rxc6+ Kd8 33.Qc3 
1-0

[Event "19th EUR-ch"]
[Site "Batumi GEO"]
[Date "2018.03.17"]
[Round "1.27"]
[White "Drori, Saar"]
[Black "Rakhmanov, Aleksandr"]
[Result "1-0"]
[WhiteElo "2420"]
[BlackElo "2655"]
[EventDate "2018.03.17"]
[PlyCount "95"]

1.e4 c5 2.Nf3 Nf6 3.Nc3 d5 4.exd5 Nxd5 5.Bb5+ Bd7 6.Ne5 Nf6 7.Qf3 Qc8 8.
Bc4 e6 9.Ne4 Be7 10.d3 Nc6 11.Nxd7 Qxd7 12.Bb5 Rc8 13.Qg3 O-O 14.Bh6 Nh5 
15.Qh3 Qd5 16.Bxc6 Rxc6 17.Nc3 Qe5+ 18.Be3 Rb6 19.O-O-O Nf4 20.Qf3 Ng6 21.
d4 Qc7 22.h4 cxd4 23.Bxd4 Bc5 24.Bxc5 Qxc5 25.Na4 Qa5 26.Nxb6 axb6 27.a3 
Ne5 28.Qe2 Qc5 29.Rh3 b5 30.h5 h6 31.Qe3 Qc7 32.Rg3 Nc4 33.Qc3 Qf4+ 34.Kb1
e5 35.Qf3 Qh4 36.Qxb7 Qxh5 37.Rgd3 Qe2 38.Qf3 Qxf3 39.Rxf3 e4 40.Rb3 f5 
41.Rxb5 e3 42.fxe3 Nxe3 43.Rd7 Rf6 44.a4 f4 45.a5 Nxg2 46.Rb6 Rf5 47.a6 f3
48.a7 1-0

[Event "19th EUR-ch"]
[Site "Batumi GEO"]
[Date "2018.03.17"]
[Round "1.28"]
[White "Piorun, Kacper"]
[Black "Gadimbayli, Abdulla"]
[Result "1-0"]
[WhiteElo "2653"]
[BlackElo "2416"]
[EventDate "2018.03.17"]
[PlyCount "181"]

1.e4 e6 2.d4 d5 3.Nc3 Bb4 4.e5 c5 5.a3 Bxc3+ 6.bxc3 Ne7 7.h4 Nbc6 8.h5 h6 
9.Qg4 Nf5 10.Bd3 O-O 11.Nf3 Qa5 12.Bd2 Qa4 13.Qf4 f6 14.dxc5 Qa5 15.O-O 
Qxc5 16.Rfe1 Bd7 17.Qg4 Rae8 18.c4 dxc4 19.Bxc4 Nfd4 20.Bxh6 Rf7 21.Be3 
Nxf3+ 22.gxf3 Qxe5 23.f4 Qc3 24.Bb3 Na5 25.Ba2 Nc4 26.Rad1 Nxe3 27.Rxe3 
Qxc2 28.Bb1 Qa4 29.Bg6 Ree7 30.Bxf7+ Rxf7 31.Red3 Kf8 32.Qg6 Bc6 33.Qh7 
Bd5 34.Qh8+ Ke7 35.Qb8 Qe8 36.Qxa7 Kf8 37.Qc5+ Re7 38.Rh3 Kg8 39.f5 Bc6 
40.Re1 e5 41.Qc4+ Qf7 42.Qg4 Rd7 43.h6 Rd4 44.Qg3 Bd7 45.Rh5 Bc6 46.Rc1 
Rd3 47.Qg4 Rd4 48.Qxg7+ Qxg7+ 49.hxg7 Kxg7 50.Kh2 Rf4 51.Rc2 Kg8 52.Rd2 
Kg7 53.Rd8 Rxf2+ 54.Kg1 Rg2+ 55.Kf1 Rg5 56.Rxg5+ fxg5 57.Rd6 Be4 58.f6+ 
Kf7 59.a4 g4 60.Kf2 Bf3 61.a5 Kg6 62.Kg3 Kf7 63.Rb6 Kg6 64.Re6 Kf7 65.Rd6 
Kg6 66.Kh4 e4 67.Re6 e3 68.Rxe3 Kxf6 69.Kg3 Kf5 70.Re8 Kg5 71.Re5+ Kf6 72.
Kf4 Kf7 73.Kg5 Kg7 74.Rf5 Be2 75.Rf6 Bf3 76.Rf4 Be2 77.Re4 Bf3 78.Re3 Kf7 
79.Kf5 Kg7 80.Re7+ Kh6 81.Kf6 Bc6 82.Re2 Kh7 83.Rh2+ Kg8 84.Rh4 Bf3 85.Rh5
Be2 86.Re5 Bf3 87.Ke7 Kg7 88.Rg5+ Kh6 89.Kf6 Kh7 90.Rg6 Kh8 91.Rg7 1-0

[Event "19th EUR-ch"]
[Site "Batumi GEO"]
[Date "2018.03.17"]
[Round "1.29"]
[White "Erenberg, Ariel"]
[Black "Siugirov, Sanan"]
[Result "0-1"]
[WhiteElo "2415"]
[BlackElo "2652"]
[EventDate "2018.03.17"]
[PlyCount "114"]

1.d4 d6 2.Nf3 g6 3.c4 Bg7 4.Nc3 Nc6 5.g3 Nf6 6.Bg2 O-O 7.O-O a6 8.b3 Rb8 
9.Bb2 Bd7 10.Rc1 b5 11.Nd5 Nh5 12.Qd2 e6 13.Nf4 Nxf4 14.Qxf4 bxc4 15.Rxc4 
Nb4 16.Qd2 a5 17.Ba3 Bb5 18.Rcc1 Qe7 19.Rfe1 Rfd8 20.Bb2 c5 21.a3 Nc6 22.
Bc3 e5 23.d5 Nd4 24.Nxd4 exd4 25.Bxa5 Re8 26.e4 Qa7 27.a4 Ba6 28.Qd1 Rb7 
29.Bd2 Reb8 30.Bf4 Be5 31.Bxe5 dxe5 32.Bf1 Bxf1 33.Rxf1 Rxb3 34.Qc2 Rc3 
35.Qa2 Rcb3 36.Qc2 d3 37.Qxc5 Qxa4 38.d6 d2 39.Rcd1 Rd3 40.Qxe5 Rd8 41.Qb2
R3xd6 42.e5 Rd5 43.h4 Qe4 44.Kh2 Qe2 45.Kg2 Rxe5 46.Qb7 Red5 47.Qa7 Rd3 
48.Qc7 Qf3+ 49.Kg1 h5 50.Qe7 Kh7 51.Qc7 R8d5 52.Qe7 Kg7 53.Qb7 R3d4 54.Qc7
g5 55.hxg5 Rxg5 56.Qb8 Rh4 57.Qb2+ f6 0-1